000 00909cam a2200241 a 4500
001 000014465
005 20200929163844.0
008 920117s1995 mx a b 100 0 spa
020 _a9682948312
035 _a(DLC) 92106181
040 _aDO-SdBNP
_bspa
_cDLC
_dBNPHU
082 _a330.98
_bS446i
245 0 3 _aEl Sector informal en América Latina :
_bdos décadas de análisis /
_ccompilador Víctor E. Tokman.
260 _aMéxico :
_bConsejo Nacional para Cultura y las artes ;
_bDirección General de Publicaciones,
_c1995..
300 _a639 p. :
_bil. ;
_c22 cm.
504 _aIncluye notas y bibliografía: p. 615-619.
650 4 _aEconomía informal
_zAmérica Latina
_932665
651 4 _aAmérica Latina
_xCondiciones Económicas
_95778
700 1 _aTokman, Víctor E.,
_ecomp.
_932666
830 0 _aClaves de América Latina.
_932587
910 _aCatalogación por copia / LC
049 _aBNGR
999 _c14054
_d14054